Welcome to CU Library Online Public Access Catalogue (OPAC)

So This Is Democracy? (Record no. 9494)

MARC details
000 -LEADER
fixed length control field 00563nam a22001577a 4500
005 - DATE AND TIME OF LATEST TRANSACTION
control field 20260422142639.0
008 - FIXED-LENGTH DATA ELEMENTS--GENERAL INFORMATION
fixed length control field 260422b |||||||| |||| 00| 0 eng d
020 ## - INTERNATIONAL STANDARD BOOK NUMBER
International Standard Book Number 9991662170
050 ## - LIBRARY OF CONGRESS CALL NUMBER
Classification number P95.82
Item number .A4
245 ## - TITLE STATEMENT
Title So This Is Democracy?
Remainder of title report on the state of media freedom and freedom of expression in southern Africa
Statement of responsibility, etc. editors; Janine Lazarus & Reagan Malumo
260 ## - PUBLICATION, DISTRIBUTION, ETC.
Place of publication, distribution, etc. Windhoek, Namibia
Name of publisher, distributor, etc. Media Institute of Southern Africa
Date of publication, distribution, etc. 2010
300 ## - PHYSICAL DESCRIPTION
Extent viii. 428p.
Other physical details ill. maps
Dimensions 21cm
700 ## - ADDED ENTRY--PERSONAL NAME
Personal name Lazarus, Janine
700 ## - ADDED ENTRY--PERSONAL NAME
Personal name Malumo, Reagan
942 ## - ADDED ENTRY ELEMENTS (KOHA)
Source of classification or shelving scheme Library of Congress Classification
Koha item type Books
Suppress in OPAC No
999 ## -
-- 9494
-- 9494
Holdings
Withdrawn status Lost status Source of classification or shelving scheme Damaged status Not for loan Collection Home library Current library Shelving location Date acquired Total checkouts Full call number Barcode Date last seen Copy number Price effective from Koha item type
    Library of Congress Classification     Non-fiction Business Library (Miotso) Business Library (Miotso) General stacks 04/22/2026   P95.82 .A4 DEM BSSM00003579 04/22/2026 1 04/22/2026 Books
    Library of Congress Classification     Non-fiction Business Library (Miotso) Business Library (Miotso) General stacks 04/22/2026   P95.82 .A4 DEM BSSM00003580 04/22/2026 2 04/22/2026 Books
© 2023-2024 Copyright: Central University Libraries. All Rights Reserved | Created by: Mahone Tech Office